000 00390nam a22001697a 4500
005 20180425112349.0
008 160615b xxu||||| |||| 00| 0 eng d
020 _a978-81-203-3329-1
041 _aeng
082 _b7790
_a363.7
100 _aKrishna, M B
_94284
245 _aEnvironmental Management
260 _bPHI
_c2008
300 _a264
650 _aManagement
_9241
942 _cBK
999 _c2799
_d2798